00832nam a2200157Ia 4500008004100000020001800041050002300059245027500082260008400357300002900441500005600470521000700526942001200533999001900545952011000564140609s9999 xx 000 0 und d a9789718691038 aPN 2914b.C66 2008 2aA continuing narrative on Philippine theater :bthe story of PETA(Philippine Educational Theater Association)corganized, written, and edited by Laura L. Samson ... [et al.] ; based on the manuscripts, articles and chapters written by Jovenal D. Velasco ... [et al.] aQuezon City, Philippines :bPhilippine Educational Theater Association,cc2008. a724 p. :bill. ;c26 cm. aIncludes bibliographical references and appendices. aGE kLOCcBK c118289d118289 001040aCLbCLcFILd2014-06-09g1.00l0oPN 2914 .C66 2008pC14446r2018-05-08 00:00:00w2014-06-09yBK